Loading...
| Literature - World Literature | 0 | 2 | 0 | 0 | 20 | 18 | 52.50 | 1 | 1 |
| History - Other History | 0 | 2 | 0 | 0 | 20 | 101 | 106.50 | 0 | 0 |
| Painting/Sculpture | 0 | 2 | 1 | 1 | 15 | 98 | 109.50 | 0 | 0 |
| History - World History | 0 | 1 | 0 | 1 | 10 | 97 | 97.00 | 0 | 0 |
| Literature - American Literature | 0 | 1 | 0 | 1 | 10 | 113 | 113.00 | 0 | 0 |
| Literature - European Literature | 0 | 1 | 0 | 0 | 10 | 99 | 99.00 | 0 | 0 |
| Current Events | 0 | 1 | 0 | 0 | 10 | 93 | 93.00 | 0 | 1 |
| History - American History | 0 | 1 | 0 | 1 | 10 | 83 | 83.00 | 0 | 0 |
| History - European History | 0 | 1 | 0 | 0 | 10 | 100 | 100.00 | 0 | 0 |
| Science - Biology | 0 | 1 | 0 | 1 | 10 | 55 | 55.00 | 0 | 0 |
| Science - Physics | 0 | 1 | 0 | 0 | 10 | 83 | 83.00 | 0 | 0 |
| Social Science | 0 | 0 | 1 | 0 | -5 | 0.00 | 0 | 0 | |
| Geography | 0 | 0 | 1 | 0 | -5 | 0.00 | 0 | 0 | |
| Fine Arts - Other Fine Arts | 0 | 0 | 1 | 0 | -5 | 0.00 | 0 | 0 |